000 00785nas a2200253 4500
001 BR0801672
003 BR-BrBNA
005 20231205111723.0
007 ta
008 230509b bl.|||p| |||| 00| 00por d
040 _aBR-BrBNA
_bpor
_cBiblioteca Nacional de Agricultura
041 _a(Pt)
072 _aQ02
100 1 _aPadovan, F.C.
100 1 _aBorragini, M. de C.C.
100 1 _aFaria, J.B.
245 1 _aEfeito da circulação da aguardente de cana no tempo de envelhecimento em ancorotes de carvalho (Quercus sp)
650 _aENVELHECIMENTO
650 _aCACHAÇA
650 _aCARVALHO
773 0 _tAlimentos e Nutrição (Brazil)
_xISSN 0103-4235
_g(2004), v. 15(3) p. 267-271
_wBR0801672
909 _a202311
_bLúcia
_c55
_dLúcia Elande
942 _2AGRIS
_n0
_cANA
999 _c194142
_d194142